| 000 | 00673nam a2200181 a 4500 | ||
|---|---|---|---|
| 003 | 0 | ||
| 005 | 20250429102603.0 | ||
| 008 | 050808s19uu xx 00 eng d | ||
| 050 |
_aPHS HQ 767.5.P5 _b.A25 2005 |
||
| 100 | _aAbitria, Joanna Kim P. | ||
| 245 |
_aThe Perceptions of Upper School students on the legalization of abortion / _cJoanna Kim P. Abitria. |
||
| 260 |
_aLas PiƱas City, Philippines : _bSouthville International School and Colleges, _c2005. |
||
| 300 |
_a29 pages ; _c28 cm. |
||
| 504 | _aIncludes bibliographical references. | ||
| 650 |
_aAbortion _zPhilippines _xPublic opinion. |
||
| 650 |
_aAbortion _xSocial aspects _zPhilippines. |
||
| 942 |
_2lcc _cPASS |
||
| 999 |
_c97175 _d97175 |
||